Path to effective leadership and good governance in Nigeria / (Record no. 33582)

MARC details
000 -LEADER
fixed length control field 00764nam a22002417a 4500
008 - FIXED-LENGTH DATA ELEMENTS--GENERAL INFORMATION
fixed length control field 251027b |||||||| |||| 00| 0 eng d
017 ## - LEGAL DEPOSIT NUMBER
Legal deposit number LD.2007
018 ## - LEGAL DEPOSIT YEAR
LDD Year 2025
020 ## - INTERNATIONAL STANDARD BOOK NUMBER
ISBN 9789785313868
040 ## - CATALOGING SOURCE
Original cataloging agency NLN
Language of cataloging English
Description conventions AACR2
100 ## - MAIN ENTRY--AUTHOR
Author ADATANG, Michael
Relator term aut
245 ## - TITLE STATEMENT
Title Path to effective leadership and good governance in Nigeria /
Statement of responsibility, etc Michael Adatang
260 ## - PUBLICATION, DISTRIBUTION, ETC. (IMPRINT)
Place of publication Uyo, Akwa Ibom State (No.8 Ekpanya Street) :
Name of publisher Unaco Global Ventures,
Date of publication 2015
300 ## - COLLATION
Pagination ix, 102p. ;
Other physical details 20cm.
563 ## - BINDING INFORMATION
Binding note (pbk.)
650 ## - TRACINGS
Main Subject Political leadership
Subdivision (1st) Nigeria
650 ## - TRACINGS
Main Subject Leadership
Subdivision (1st) Nigeria
650 ## - TRACINGS
Main Subject Nigeria
Subdivision (1st) Politics and government
942 ## - ADDED ENTRY ELEMENTS (KOHA)
Item type Books
Suppress in OPAC No
050 ## - LIBRARY OF CONGRESS CALL NUMBER
Classification number JC330.3.N685
Item number A221
082 ## - DEWEY DECIMAL CLASSIFICATION NUMBER
Classification number 324.22
Holdings
Source of classification or shelving scheme Not for loan Home library Current library Date acquired Mode of acquisition Accession No. Full call number Barcode. Copy number Koha item type
Library of Congress Classification   IBADAN BRANCH LIBRARY National Library of Nigeria 21/10/2025 Legal deposit 227804 JC330.3.N685 A221 227804 1 Books
Library of Congress Classification   LOKOJA BRANCH National Library of Nigeria 21/10/2025 Legal deposit 227806 JC330.3.N685 A221 227806 1 Books

National Library of Nigeria OPAC is powered by Koha